| 000 | 00972nam a22002657a 4500 | ||
|---|---|---|---|
| 003 | DO-SdBNP | ||
| 005 | 20210420095228.0 | ||
| 008 | 210128b 2016 dr 0| 00| 0 spa d | ||
| 020 | _a9789945899436 | ||
| 040 |
_aBPMSU _bspa _cBPMSU |
||
| 082 |
_aRD864.44 _bG934v _222 |
||
| 100 | 1 |
_aGuerrero, Italia _d1957- |
|
| 245 | 1 | 3 |
_aVoces en el desierto / _cItalia Guerrero |
| 246 | 1 | 4 |
_aVoces en el desierto : _bprimeras voces 1991-1995 |
| 260 |
_aSanto Domingo : _bGente, _c2016 |
||
| 300 |
_a324 p. ; _c22 cm. |
||
| 500 | _aIncluye datos biográficos de la autora en la solapa de la cubierta | ||
| 505 | 0 | _aDedicatoria -- Hubo una vez -- Y otra -- La recopilación -- Primera voz: Educación -- Segunda voz: Política -- Tercera voz: Naturaleza y Sociedad -- Notas Contextuales. | |
| 590 | _6Inventariado, 2021/VM | ||
| 650 | 4 | _aEnsayos dominicanos | |
| 650 | 4 | _aArtículos periodísticos | |
| 650 | 4 | _aLiteratura dominicana | |
| 910 | _aVMateo | ||
| 942 |
_2ddc _cBK |
||
| 999 |
_c13368 _d13368 |
||